000 00528nam a22002177a 4500
003 UA-OsUOA
001 7092
007 ta
008 20040123b un ||||| |||| 00| 0 ukr d
090 _a070
942 _cBK
040 _aUA-OsUOA
_bukr
_cUA-OsUOA
_dUA-OsUOA
245 _aЖиття і слово
_bОстрозька районна газета Рівненської області
955 _a0
041 _aukr
080 _a070
260 _aОстрог
044 _aUA
650 7 _2UDC
999 _c293253
_d293253